|
|
|
|
| LEADER |
01402nam a2200253 a 4500 |
| 001 |
GR-MES10688 |
| 008 |
060918s1999 enka b 001 0 gre|c |
| 020 |
|
|
|a 0521572959
|q (hc.)
|
| 020 |
|
|
|a 0521575974
|q (pbk.)
|
| 040 |
|
|
|a GrPaTEI
|b gre
|c GR-PaULI
|
| 100 |
1 |
|
|a Murray, Carl D.
|
| 245 |
1 |
0 |
|a Solar system dynamics /
|c Carl D. Murray, Stanley F. Dermott.
|
| 260 |
|
|
|a Cambridge ;
|a New York :
|b Cambridge University Press,
|c 1999.
|
| 300 |
|
|
|a xiii , 592 σ. :
|b εικ. ;
|c 26 εκ.
|
| 504 |
|
|
|a Περιλαμβάνει βιβλιογραφικές παραπομπές (σ. 557-575) και ευρετήριο.
|
| 650 |
|
0 |
|a Celestial mechanics.
|
| 650 |
|
0 |
|a Solar system.
|
| 700 |
1 |
|
|a Dermott, S. F.
|e συγγραφέας.
|
| 942 |
|
|
|2 ddc
|
| 952 |
|
|
|0 0
|1 0
|2 ddc
|4 0
|6 523_200000000000000_MUR
|7 0
|9 270017
|a MSLG
|b MSLG
|c BSC
|d 2021-01-17
|e 24
|f 0
|g 0.00
|l 0
|o 523.2 MUR
|p 2420000020728
|r 2021-01-17 00:00:00
|t 1
|w 2021-01-17
|y BK15
|x 20060918 0 1
|x GrPaTEI
|
| 952 |
|
|
|0 0
|1 0
|2 ddc
|4 0
|6 523_200000000000000_MUR
|7 0
|9 270018
|a MSLG
|b MSLG
|c BSC
|d 2021-01-17
|e 24
|f 0
|g 0.00
|l 0
|o 523.2 MUR
|p 2420000020729
|r 2021-01-17 00:00:00
|t 1
|w 2021-01-17
|y BK15
|x 20060918 0 ΔΕΝ ΔΑΝΕΙΖΕΤΑΙ 1
|x GrPaTEI
|
| 952 |
|
|
|0 0
|1 0
|2 ddc
|4 0
|6 523_200000000000000_MUR
|7 0
|9 370694
|a LISA
|b LISA
|c BSC
|d 2023-04-04
|i 17145
|l 0
|o 523.2 MUR
|p 025000279009
|r 2023-04-04 00:00:00
|t 3
|w 2023-04-04
|y BK15
|
| 971 |
|
|
|a .b25767355
|b 15-04-20
|c 13-09-16
|
| 999 |
|
|
|c 155904
|d 155904
|